El hereje (Record no. 138208)

MARC details
000 -LEADER
campo de control de longitud fija 00594nam a2200181 4500
001 - NÚMERO DE CONTROL
campo de control 138208
003 - IDENTIFICADOR DE NÚMERO DE CONTROL
campo de control ES-MaACL
005 - FECHA Y HORA DE LA ÚLTIMA TRANSACCIÓN
campo de control 20231228205102.0
007 - CAMPO FIJO DE DESCRIPCIÓN FÍSICA--INFORMACIÓN GENERAL
campo de control de longitud fija t|
008 - DATOS DE LONGITUD FIJA--INFORMACIÓN GENERAL
campo de control de longitud fija 070214s1956 sp r ||||1| spa d
100 1# - ENTRADA PRINCIPAL--NOMBRE DE PERSONA
Nombre de persona Sánchez-Silva, José María,
Fechas asociadas al nombre 1911-2002
9 (RLIN) 102940
245 13 - MENCIÓN DEL TÍTULO
Título El hereje
Resto del título : (cuentos para mayores) /
Mención de responsabilidad, etc. José María Sánchez-Silva ; [ilustraciones de Alvaro Delgado].
260 ## - PUBLICACIÓN, DISTRIBUCIÓN, ETC.
Lugar de publicación, distribución, etc. Madrid :
Nombre del editor, distribuidor, etc. Afrodisio Aguado,
Fecha de publicación, distribución, etc. 1956.
300 ## - DESCRIPCIÓN FÍSICA
Extensión 113 p. ;
Dimensiones 19 cm.
700 1# - ENTRADA AGREGADA--NOMBRE PERSONAL
Nombre de persona Delgado, Alvaro.
9 (RLIN) 186390
852 ## - LOCALIZACIÓN
Ubicación ES-MaACL
Número de control de estantería C-14419
Sublocalización o colección R.39797
Holdings
Estatus retirado Estado de pérdida Estado de daño No para préstamo Biblioteca de origen Biblioteca actual Ubicación en estantería Fecha de adquisición Fuente de adquisición Total de préstamos Signatura topográfica completa Código de barras Visto por última vez Precio de reemplazo Tipo de ítem Koha
        Biblioteca del Ateneo de Madrid Biblioteca del Ateneo de Madrid Ficheros 17/01/2008     C-14419 1143815 23/02/2023 23/02/2023 Libro impreso